| 000 | 01149 a2200205 4500 | ||
|---|---|---|---|
| 003 | Nust | ||
| 005 | 20221223095953.0 | ||
| 020 | _a978-81-203-4004-6 | ||
| 040 | _cNust | ||
| 082 | _a 621.385,BEA | ||
| 100 |
_aJeffrey S.Beasley _9105733 |
||
| 245 |
_aModern Electronic Communications (Include CD) / _cJeffrey S.Beasley -Gary M.Miller |
||
| 250 | _a9th ed | ||
| 260 |
_aNew Delhi _bPHI Learning Pvt Ltd _c2010 |
||
| 300 | _axxxiii,950,p | ||
| 505 | _aIntroductory Topics (Page-2), Amplitude Modulation: Transmission (Page-68), Amplitude Modulation: Reception (Page-116), Single Sideband Comm (Page-164), Frequency Modulation: Transmission (Page-204), Frequency Modulation: Reception (Page-258), Comm. Techniques (Page-298), Digital Comm (Page-346), Wired Digital Comm (Page-400), Wireless Digital Comm (Page-452), Network Comm (Page-494), Transmission Lines (Page-562), Wave Propagation (Page-618), Antennas (Page-664), Waveguides and Radar (Page-706), Microwaves and Lasers (Page-748), Television (Page-798), Fiber Optics (Page-854). | ||
| 650 | _aTelecommunication Engineering | ||
| 651 |
_a(Include CD) _98953 |
||
| 942 |
_2ddc _cBK |
||
| 999 |
_c189551 _d189551 |
||